000 01882nam a22004457a 4500
003 CHAP
005 20220329140851.0
008 971013s1995 r 00010 d
010 _a58939
011 _a59911
035 _a64071
040 _cCHAP
082 _a333.0972
_bG72
100 0 0 _aGómez González, Gerardo
_ecoord.
_949715
245 _aDerecho y poder
_b: la cuestión de la tierra y los pueblos indios
260 _aChapingo, Méx. :
_bUACH. Departamento de Sociología Rural,
_c1995
300 _a414 p.
500 _aEd. bilingue
590 _aBATCH-UPD
_b10
_c20130110
_lUCH01
_h0129
590 _aBATCH-UPD
_b10
_c20130110
_lUCH01
_h0953
590 _aBATCH-UPD
_b10
_c20130409
_lUCH01
_h2125
590 _aBATCH-UPD
_b10
_c20130410
_lUCH01
_h0606
590 _aBATCH-UPD
_b10
_c20130914
_lUCH01
_h1143
590 _aCONVERSION
_b10
_c20130109
_lUCH01
_h1332
650 1 4 _aDerechos humanos.
_931916
650 1 4 _aDesarrollo de la comunidad rural.
_931995
650 1 4 _aIndios de México
_xCondiciones sociales.
_957626
650 1 4 _aTierras
_xTenencia
_zMéxico.
_9113215
700 0 _aOrdóñez González, José Emilio R.
_ecoord.
_983442
901 _aBK
942 _cLIBRO
949 _a333.0972 G72
_bBC
_cLIBRO
_d33724000083028
_eLIBRO
_gI. c/e
_h90081
_i64071
_si
_t20.00
949 _a333.0972 G72
_bBC
_cLIBRO
_d33724000627121
_eLIBRO
_fc.8
_h91709
_i64071
_si
949 _a333.0972 G72
_bBC
_cLIBRO
_d33724000627139
_eLIBRO
_fc.7
_h91708
_i64071
_si
949 _a333.0972 G72
_bBC
_cLIBRO
_d33724000627147
_eLIBRO
_fc.6
_h91707
_i64071
_si
949 _a333.0972 G72
_bBC
_cLIBRO
_d33724000627154
_eLIBRO
_fc.5
_h91706
_i64071
_si
949 _a333.0972 G72
_bBC
_cLIBRO
_d33724000627162
_eLIBRO
_fc.4
_h91705
_i64071
_si
949 _a333.0972 G72
_bBC
_cLIBRO
_d33724000627170
_eLIBRO
_fc.3
_h91704
_i64071
_si
949 _a333.0972 G72
_bBC
_cUACH
_d-139401
_eUACH
_fc.2
_gI. c/e
_h90082
_i64071
_si
_t20.00
999 _c58939
_d58939